00368nam a2200145Ia 4500008004100000020001500041041001200056082001800068100003000086245003200116250001200148260003300160300001300193650001600206231217s9999 xx 000 0 und d a8131406504 aEnglish a340 SAT;1 R aSatyanarayana, Prasad ed. 0aCompetition law and cartels a1st ed. c2007bICFAI PressaHyderabad avii, 202 alaw,cartels